Statistics for Disney Songs

Click here to take the quiz!

General Stats

  • This quiz has been taken 126 times
  • The average score is 40 of 121

Answer Stats

MovieSongs% Correct
Let it Go
80%
A Whole New World
76%
PinnochioWhen You Wish Upon a Star
76%
The Lion KingCircle of Life
74%
Hakuna Matata
70%
Under the Sea
69%
PocahontasColors of the Wind
68%
Heigh-Ho
67%
Beauty and the Beast
65%
I'll Make a Man Out of You
65%
Part of Your World
65%
Reflection
64%
Be Our Guest
63%
How Far I'll Go
63%
You're Welcome
62%
Sleeping BeautyOnce Upon a Dream
60%
Can You Feel the Love Tonight
58%
101 DalmatiansCruella de Vil
57%
Love
57%
Someday My Prince Will Come
57%
CinderellaA Dream is a Wish Your Heart Makes
56%
Princess and the FrogAlmost There
56%
Be Prepared
55%
I Just Can't Wait to be King
55%
Beauty and the BeastBelle
54%
I See the Light
54%
Ev'rybody Wants To Be a Cat
53%
Go the Distance
53%
I Won't Say I'm in Love
53%
AladdinOne Jump Ahead
53%
Prince Ali
53%
Gaston
52%
Kiss the Girl
52%
TangledWhen Will My Life Begin
52%
Love is an Open Door
51%
You'll be in my Heart
51%
Just Around the Riverbend
48%
Zero to Hero
48%
FrozenDo You Want to Build a Snowman?
47%
I Wanna Be Like You
47%
ZootopiaTry Everything
47%
For the First Time in Forever
46%
Mother Knows Best
46%
Poor Unfortunate Souls
45%
Something There
45%
Whistle While You Work
45%
The Jungle BookThe Bare Necessities
44%
I've Got a Dream
41%
Shiny
41%
In Summer
40%
He's a Tramp
36%
The Hunchback of Notre DameOut There
36%
Strangers Like Me
36%
Lady and the TrampBella Notte
35%
MulanHonor to Us All
35%
Snow White and the Seven DwarvesI'm Wishing
35%
So This is Love
35%
Savages
34%
When I See An Elephant Fly
33%
DumboBaby Mine
31%
Peter PanYou Can Fly! You Can Fly!
31%
Bibbidi-bobbidi-boo
30%
Fixer Upper
30%
Friends on the Other Side
30%
Hellfire
29%
Mine, Mine, Mine
27%
Oliver and CompanyWhy Should I Worry
27%
God Help the Outcasts
26%
On My Way
25%
Alice in WonderlandThe Unbirthday Song
25%
A Girl Worth Fighting For
24%
Down in New Orleans
24%
TarzanSon of Man
24%
Two Worlds
24%
Lilo & StitchHawaiian Rollercoaster Ride
22%
The Bells of Notre Dame
21%
Dig a Little Deeper
20%
I Wonder
20%
BambiLittle April Showers
20%
We Know the Way
20%
The Fox and the HoundBest of Friends
19%
Following the Leader
18%
Give a Little Whistle
16%
Pink Elephants on Parade
15%
MoanaWhere You Are
15%
One Song
14%
When We're Human
14%
Your Mother and Mine
14%
A Pirate's Life
13%
Never Had a Friend Like Me
13%
HerculesThe Gospel Truth
13%
A Star is Born
12%
Sing Sweet Nightingale
12%
The Many Adventures of Winnie the PoohWinnie the Pooh
12%
Good Company
11%
Treasure PlanetI'm Still Here
11%
In a World of My Own
11%
Painting the Roses Red
11%
Trashing the Camp
10%
The Little MermaidFathoms Below
9%
Oo DeLally
9%
Thomas O'Malley Cat
9%
The Wonderful Thing about Tigers
8%
Welcome
8%
What Makes the Red Man Red
8%
Once Upon a Time in New York City
7%
Steady as the Beating Drum
7%
Robin HoodWhistle Stop
7%
Brother BearGreat Spirits
5%
Listen With Your Heart
5%
Meet the RobinsonsLittle Wonders
5%
Siamese Cat Song
5%
The RescuersSomeone's Waiting For You
5%
The AristocatsScales and Arpeggios
4%
All in the Golden Afternoon
3%
No Way Out
3%
Goodbye May Seem Forever
2%
Look Through My Eyes
2%
The Walrus and the Carpenter
2%
Tomorrow is Another Day
2%
Heffalamps and Woozles
1%

Score Distribution

Percentile by Number Answered

Percent of People with Each Score

Your Score History

You have not taken this quiz